Statistics for All-Time Best Selling NBA Jerseys

Click here to take the quiz!

General Stats

  • This quiz has been taken 327 times
  • The average score is 8 of 10

Answer Stats

HintAnswer% Correct
3.Lebron James
99%
1.Michael Jordan
98%
2.Kobe Bryant
89%
6.Steph Curry
89%
5.Larry Bird
83%
7.Shaquille O'Neal
82%
4.Magic Johnson
81%
10.Kareem Abdul-Jabbar
75%
9.Allen Iverson
66%
8.Julius Erving
49%

Score Distribution

Percentile by Number Answered

Percent of People with Each Score

Your Score History

You have not taken this quiz